000 00648nam a2200241 i 4500
001 C2-0004772
003 PPAK
005 20190630221825.0
008 970123s1989 nyu |||| ||||| | eng d
020 _a0671688464
040 _aPPAK
_beng
_cPPAK
_erda
082 0 4 _a616.8914
_223
090 0 0 _a616.8914
_bJOH
_dG
100 1 _aJohnson, Catherine,
_eauthor
245 1 0 _aWhen to say goodbye to your therapist
264 1 _aNew York :
_bA Fireside Book ,
_c1989
300 _a224 pages ;
_c21 cm
336 _2rdacontent
_atext
337 _2rdamedia
_aunmediated
338 _2rdacarrier
_avolume
650 1 0 _aPsychotherapy.
942 _ddc
_cB
999 _c1238
_d1238